Central Library OPAC University of Rajshahi

তেরো নম্বরে পাঁচ বছর / (Record no. 47027)

MARC details
000 -LEADER
fixed length control field 00811nam a2200229 a 4500
001 - CONTROL NUMBER
control field 47027
003 - CONTROL NUMBER IDENTIFIER
rucl marc code BD-RjUL
005 - DATE AND TIME OF LATEST TRANSACTION
control field 20211209054240.0
008 - FIXED-LENGTH DATA ELEMENTS--GENERAL INFORMATION
fixed length control field 160806s1967 bg |||| ||| 000 0 ben d
020 ## - INTERNATIONAL STANDARD BOOK NUMBER
Terms of availability : Tk. 5.00
035 ## - SYSTEM CONTROL NUMBER
System control number (BD-RjUL)47146
040 ## - CATALOGING SOURCE
Original cataloging agency BD-RjUL
Language of cataloging ben
Transcribing agency BD-RjUL
Modifying agency BD-RjUL
041 ## - LANGUAGE CODE
Language code of text/sound track or separate title ben
082 ## - DEWEY DECIMAL CLASSIFICATION NUMBER
Edition number 23
Classification number 351
Author mark and year AKT 1967
100 ## - MAIN ENTRY--PERSONAL NAME
Personal name আখন্দ, সা'দত আলী
9 (RLIN) 143225
245 ## - TITLE STATEMENT
Title তেরো নম্বরে পাঁচ বছর /
Statement of responsibility, etc. সা'দত আলী আখন্দ
260 ## - PUBLICATION, DISTRIBUTION, ETC. (IMPRINT)
Place of publication, distribution, etc. রাজশাহী :
Name of publisher, distributor, etc. মিত্র সংঘ,
Date of publication, distribution, etc. ১৯৬৭ [১৩৭৪]
300 ## - PHYSICAL DESCRIPTION
Pagination [৬] ১৮০ পৃ. ;
Size ২২ সেমি.
650 ## - SUBJECT ADDED ENTRY--TOPICAL TERM
Topical term or geographic name as entry element পাবলিক প্রশাসন
9 (RLIN) 143235
Topical term or geographic name as entry element Public Administration
9 (RLIN) 143236
942 ## - ADDED ENTRY ELEMENTS (KOHA)
Source of classification or shelving scheme Dewey Decimal Classification
Koha item type Books
Holdings
Lost status Source of classification or shelving scheme Damaged status Not for loan Collection code Permanent Location Current Location Shelving location Date acquired Source of acquisition Cost, normal purchase price Total Checkouts Full call number Date last seen Copy number Koha item type
  Dewey Decimal Classification     Non-fiction Central Library, University of Rajshahi Central Library, University of Rajshahi   04/05/1967 Prantik 5.00   B 351 AKT 1967 06/08/2016 C-2 Books
  Dewey Decimal Classification     Non-fiction Central Library, University of Rajshahi Central Library, University of Rajshahi   02/06/1967 Mostafa nurul Islam 5.00   B 351 AKT 1967 06/08/2016 C-3 Books
  Dewey Decimal Classification     Non-fiction Central Library, University of Rajshahi Central Library, University of Rajshahi   08/06/1967 Rajshahi printic 5.00   B 351 AKT 1967 07/08/2016 C-4 Books
  Dewey Decimal Classification     Non-fiction Central Library, University of Rajshahi Central Library, University of Rajshahi   08/06/1967 Rajshahi printic 5.00   B 351 AKT 1967 07/08/2016 C-5 Books
  Dewey Decimal Classification     Non-fiction Central Library, University of Rajshahi Central Library, University of Rajshahi   02/06/1967 Mustafiz Nurul islam 5.00   B 351 AKT 1967 07/08/2016 C-6 Books
  Dewey Decimal Classification     Non-fiction Central Library, University of Rajshahi Central Library, University of Rajshahi   04/05/1967 Prantik 5.00   B 351 AKT 1967 24/09/2016 C-7 Books